000 02231nam a2200241 i 4500
001 190656
003 ES-MaACL
005 20250804161024.0
008 220311s2010 sp 001 0 spa
020 _a978-84-309-5078-2
080 _a821.134.2-92"19"
100 1 _aPendás García, Benigno.
_990158
245 1 4 _aLas paradojas de la libertad :
_bEspaña, desde la Tercera de ABC /
_cBenigno Pendás.
260 _aMadrid :
_bTecnos,
_c[2010]
300 _a506 p. ;
_c23 cm.
500 _aÍndice onomástico.
505 8 _aSelección de 126 Terceras: Las paradojas de la libertad (28 de agosto de 1998) ; La lucha por la Constitución (3 de octubre de 1998) ; Bentham y los orígenes del centro reformista (29 de enero de 2000) ; Cuatro tesis sobre el Museo del Prado (19 de mayo de 2000) ; Tucídides nos enseña historia (2 de septiembre de 2000) ; ¿Qué se espera de España? (17 de octubre de 2000) ; La Monarquía y el honor (27 de diciembre de 2000) ; Nosotros, el pueblo de los Estados Unidos (20 de enero de 2001) ; Wagner, arte y política (10 de marzo de 2001) ; Britania: orgullo y prejuicio (18 de abril de 2001) ; Educación y virtudes liberales (2 de junio de 2001) ; España desde la Graciosa (26 de junio de 2001) ; Periódicos, y no Gobierno (22 de julio de 2001) ; El último fabiano (3 de agosto de 2001) ; Di, ¿dónde está Atenas? (10 de agosto de 2001) ; Gescartera: cuando éramos liberales (31 de agosto de 2001) ; Lecciones para ganar una guerra (13 de septiembre de 2001) ; Una guerra para la libertad (8 de octubre de 2001) ; Patriotismo español (30 de octubre de 2001) ; Vuelo de majas (21 de noviembre de 2001) ; El príncipe y el honor (15 de diciembre de 2001) ; Habla el Rey en Nochebuena (26 de diciembre de 2001) ; Tiempo para Garcilaso (11 de enero de 2002) ; Los nuevos jacobinos (22 de febrero de 2002) ; Global o no global (16 de marzo de 2002) ; El 18 de Brumario de la V República (23 de abril de 2002)…
852 4 _aES-MaACL
_jA-14927
_9197836
_bR.153148
_cDEPO1
_dOlim: N-7927
_hDonación: Pilar Fernandez Vera
903 _aFernández Vera, Pilar,
_d1961-
_ednr
_949420
942 _2udc
_cMONOGRAFIA
999 _c190656
_d190656